| 000 | nam a22 7a 4500 | ||
|---|---|---|---|
| 999 |
_c8207 _d8207 |
||
| 005 | 20191008032603.0 | ||
| 008 | 191008b xxu||||| |||| 00| 0 eng d | ||
| 020 |
_a9789712735257 _bpaperback |
||
| 040 |
_beng _cAPEC Schools Library _erda |
||
| 082 |
_aF 959.902 _bM434j 2019 |
||
| 100 | _aMitsui, Takahiro | ||
| 245 |
_aJose Rizal : the Filipino hero's life illustrated / _cTakahiro Matsui |
||
| 264 |
_aMandaluyong City : _bAnvil Publishing, Inc., _c©2019. |
||
| 300 |
_a111 pages : _billustrations ; |
||
| 336 |
_2rdacontent _atext |
||
| 337 |
_2rdamedia _aunmediated |
||
| 338 |
_2rdacarrier _avolume |
||
| 600 |
_aRizal, Jose A., _d1861-1896 _vBiography _xComic book, strips, etc. |
||
| 942 |
_2ddc _cNFIC |
||